| 000 | 00957nam a2200205 a 4500 | ||
|---|---|---|---|
| 001 | 000045366 | ||
| 005 | 20201002050113.0 | ||
| 008 | 150305s2014 dr abc 000 0 spa d | ||
| 020 | _a9789945166552 | ||
| 040 |
_aDO-SdBNP _bspa _cBNPHU |
||
| 082 |
_axxxx _bxxxx |
||
| 100 | 1 |
_aPetrozziello, Allison J. _963193 |
|
| 245 | 1 | 0 |
_aFanm Nan Fwontyé, Fanm Toupatou : _beclairage sur la violence exercée sur les Immigrantes d'origine haitienne, celles en transit migratoire et sur les déplacées internes le long de la frontière Dominicano-Haitienne / _cAllison J. Petrozziello, Bridget Wooding ; prologue Bridget Wooding, Sergia Galván. |
| 260 |
_aSanto Domingo : _bColectiva Mujer y Salud, _c2014. |
||
| 300 |
_a188 p. : _bil., mapas, retrs. ; _c26 cm. |
||
| 504 | _aBibliografía : p. 153-160 | ||
| 500 | _aIncluye referencias bibliográficas y notas al pie de las páginas | ||
| 700 | 1 | 2 |
_aWooding, Bridget _92231 |
| 700 | 1 | 2 |
_aGalván, Sergia, _epról. _938245 |
| 999 |
_c44855 _d44855 |
||